Statistics for Biggest Cities with a Mediterranean Climate

Click here to take the quiz!

General Stats

  • This quiz has been taken 307 times
  • The average score is 10 of 18

Answer Stats

PopulationCity% Correct
3.60 milRome
95%
3.40 milAthens
87%
6.25 milMadrid
77%
4.25 milNaples
75%
17.7 milLos Angeles
72%
7.70 milSan Francisco
63%
3.73 milAlgiers
60%
2.55 milLisbon
59%
2.53 milTunis
57%
2.55 milTel Aviv
53%
4.23 milCasablanca
51%
4.05 milCape Town
41%
7.15 milSantiago
38%
4.75 milAnkara
35%
2.98 milIzmir
35%
4.18 milSeattle
29%
2.33 milPortland
25%
2.68 milTashkent
4%

Score Distribution

Percentile by Number Answered

Percent of People with Each Score

Your Score History

You have not taken this quiz